000
00321nam a2200133Ia 4500
008
240624s9999 xx 000 0 und d
041
_a
eng
082
_a
823 TEJ
100
_a
TEJPAL TARUN J
245
_a
VALLEY OF MASKS
260
_c
2011
_a
New Delhi
_b
HarperCollins
300
_a
330 : p. : cm. ; 21
365
_c
RS
_b
25
999
_c
18746
_d
18746